[Event "OGOLNOPOLSKA OLIMPIADA MLODZIEZY<br/>MISTRZOSTWA POLSKI JUNIOROW 2016 - C14"]
[Site "Olecko"]
[Date "2016-05-07"]
[Round "6.1"]
[White "Teclaf, Pawel"]
[Black "Pytel, Maciej"]
[Result "1-0"]
[WhiteTitle "CM"]
[BlackTitle "I"]
[WhiteElo "2214"]
[BlackElo "1904"]

1. e4 c5 2. Nf3 e6 3. d4 cxd4 4. Nxd4 a6 5. Bd3 Nf6 6. Qe2 d6 7. O-O b5 8. a4 b4
9. c3 e5 10. Nc2 b3 11. Ne3 Nbd7 12. Nd2 Nc5 13. Bc4 Be6 14. Nd5 Ncxe4 15. Nxf6+
Nxf6 16. Bxa6 Be7 17. Bc4 Bd7 18. Bxb3 O-O 19. Bc2 g6 20. c4 Nh5 21. Nf3 f5 22.
c5 e4 23. cxd6 Bf6 24. Nd4 Kg7 25. Nb5 Be5 26. Be3 Qh4 27. g3 Qh3 28. Bd4 Bxd4
29. Nxd4 Rae8 30. Rfe1 f4 31. Qf1 fxg3 32. hxg3 Qg4 33. Bd1 Qg5 34. Bxh5 Qxh5
35. Re3 Bh3 36. Qe1 Qe5 37. Qc3 Kg8 38. Rae1 Qxd6 39. Qb3+ Kg7 40. Qc3 Kg8 41.
Nb5 Qe7 42. Qc4+ Be6 43. Qxe4 Qf6 44. R3e2 Bf7 45. Qd4 Rxe2 46. Rxe2 Qf3 47. Qe4
Qh5 48. Qe5 Qf3 49. Nd4 Qb7 50. Ne6 Bxe6 51. Qxe6+ Rf7 52. Rc2 Kg7 53. Qe5+ Kg8
54. Qc5 Qe4 55. Qc8+ Kg7 56. Qc3+ Kg8 57. b4 h5 58. Qc4 Qf3 59. Qd4 Qf5 60. Rc5
Qh3 61. Rc7 Rxc7 62. Qd8+ Kh7 63. Qxc7+ Kh6 64. b5 Qe6 65. Qc1+ 1-0

[Event "OGOLNOPOLSKA OLIMPIADA MLODZIEZY<br/>MISTRZOSTWA POLSKI JUNIOROW 2016 - C14"]
[Site "Olecko"]
[Date "2016-05-07"]
[Round "6.2"]
[White "Mis, Mieszko"]
[Black "Nowak, Mikolaj"]
[Result "0-1"]
[WhiteTitle "I+"]
[BlackTitle "I++"]
[WhiteElo "2069"]
[BlackElo "2024"]

1. c4 f5 2. d4 Nf6 3. g3 g6 4. Bg2 Bg7 5. Nf3 O-O 6. O-O d6 7. Nc3 Qe8 8. d5 Na6
9. Nd4 Nc5 10. b4 Na6 11. Rb1 Bd7 12. Re1 Rc8 13. Ne6 Bxe6 14. dxe6 c6 15. Be3
Nc7 16. Bxa7 Nxe6 17. e4 fxe4 18. Nxe4 Nxe4 19. Rxe4 Ng5 20. Re1 Nf7 21. Bd4 e5
22. Be3 Qe6 23. Qb3 Bh6 24. Rbd1 Qf6 25. b5 Bxe3 26. Qxe3 Kg7 27. Qb6 cxb5 28.
Qxb5 Rc5 29. Qb3 Rb8 30. a4 Nh6 31. Be4 Nf5 32. Bxf5 gxf5 33. Qb6 Rc6 34. Qa7
Qf8 35. Rb1 Qc8 36. Rec1 Qc7 37. Qe3 Kg6 38. h4 h6 39. g4 Rxc4 40. gxf5+ Kh7 41.
f6 Rxc1+ 42. Rxc1 Qf7 43. Kh1 Rg8 44. Qe4+ Kh8 45. Rg1 Qxf6 46. Rxg8+ Kxg8 47.
Qxb7 Qxh4+ 48. Kg1 Qxa4 49. Qb8+ Kf7 50. Qxd6 Qf4 51. Kf1 h5 52. Qd7+ Kg6 53.
Qe6+ Kg5 54. Qg8+ Kh4 55. Qe6 e4 56. Qe7+ Kh3 57. Qg7 Qg4 58. Qc3+ Kh2 59. Qc7+
Kh1 60. Ke1 Kg2 61. Qc2 Kg1 62. Qc5 Kh1 63. Kd2 h4 64. Qe3 h3 65. Qe1+ Kg2 66.
Ke3 Qf3+ 67. Kd4 0-1

[Event "OGOLNOPOLSKA OLIMPIADA MLODZIEZY<br/>MISTRZOSTWA POLSKI JUNIOROW 2016 - C14"]
[Site "Olecko"]
[Date "2016-05-07"]
[Round "6.3"]
[White "Pultorak, Jan"]
[Black "Szpar, Milosz"]
[Result "1-0"]
[WhiteTitle "FM"]
[BlackTitle "I"]
[WhiteElo "2301"]
[BlackElo "1956"]

1. d4 Nf6 2. c4 g6 3. Nc3 Bg7 4. e4 d6 5. Nf3 O-O 6. Be2 e5 7. O-O Nc6 8. d5 Ne7
9. b4 a5 10. Ba3 Ne8 11. bxa5 Rxa5 12. Bb4 Ra8 13. c5 h6 14. a4 f5 15. Nd2 fxe4
16. Ndxe4 Nf5 17. cxd6 Nexd6 18. Bd3 Rf7 19. Rc1 Bd7 20. Nc5 Qh4 21. Ba3 Rd8 22.
Ne6 Bxe6 23. dxe6 Re7 24. Nd5 Rxe6 25. Nxc7 Rf6 26. Bxf5 gxf5 27. Qb3+ Kh7 28.
Ne6 Re8 29. Nxg7 Kxg7 30. Bxd6 Rxd6 31. Qxb7+ Re7 32. Rc7 Rde6 33. Rfc1 Kf7 34.
a5 Qf4 35. Qd5 e4 36. R1c6 Qxc7 37. Qxf5+ 1-0

[Event "OGOLNOPOLSKA OLIMPIADA MLODZIEZY<br/>MISTRZOSTWA POLSKI JUNIOROW 2016 - C14"]
[Site "Olecko"]
[Date "2016-05-07"]
[Round "6.4"]
[White "Kokoszczynski, Jan"]
[Black "Ochowicz, Jakub"]
[Result "1/2-1/2"]
[WhiteTitle "k"]
[BlackTitle "I+"]
[WhiteElo "1983"]
[BlackElo "2040"]

1. e4 c5 2. Nf3 e6 3. d4 cxd4 4. Nxd4 a6 5. Bd3 Nf6 6. Qe2 Qc7 7. O-O d6 8. c4
g6 9. Nc3 Bg7 10. Be3 O-O 11. f3 Nbd7 12. Rac1 b6 13. b3 Bb7 14. Qf2 Rac8 15.
Rfd1 Rfe8 16. Bf1 Qb8 17. b4 Bf8 18. a3 d5 19. cxd5 exd5 20. exd5 Bd6 21. g3 Ne5
22. Bh3 Rc4 23. Nde2 b5 24. Bc5 Qc7 25. Bb6 Qe7 26. Bf1 Rcc8 27. Bh3 Rc4 28. Bf1
Rcc8 29. Bh3 Rc4 30. Bf1 Rcc8 1/2-1/2

[Event "OGOLNOPOLSKA OLIMPIADA MLODZIEZY<br/>MISTRZOSTWA POLSKI JUNIOROW 2016 - C14"]
[Site "Olecko"]
[Date "2016-05-07"]
[Round "6.5"]
[White "Lis, Mateusz"]
[Black "Kozak, Antoni"]
[Result "0-1"]
[WhiteTitle "I"]
[BlackTitle "I"]
[WhiteElo "1998"]
[BlackElo "1932"]

1. e4 c6 2. d4 d5 3. e5 Bf5 4. Nf3 e6 5. Be2 Nd7 6. O-O h6 7. Nbd2 Ne7 8. Nb3 g5
9. h4 Ng6 10. h5 Nf4 11. Bxf4 gxf4 12. Nc1 c5 13. c3 c4 14. Qd2 Qb6 15. b3 Qc7
16. Qxf4 Nb6 17. a4 a5 18. bxc4 dxc4 19. Nh4 Bc2 20. Bf3 Rd8 21. Ra2 Bxa4 22.
d5 Rxd5 23. Rxa4 Nxa4 24. Bxd5 exd5 25. Qf6 Qe7 26. Qxh8 Qxh4 27. e6 Qe4 28. Qf6
fxe6 29. Kh1 Nc5 30. f3 Qe3 31. Qg6+ Kd7 32. Qg8 Be7 33. Qg7 Nd3 34. Nxd3 cxd3
35. c4 dxc4 36. Qc3 Qc5 37. g4 Qd5 38. Qd2 Bg5 39. Qd1 b5 40. Qa1 d2 41. Kg2 Qd3
42. Qxa5 Qxf1+ 43. Kg3 d1=Q 44. Qxb5+ Ke7 45. Qb7+ Qd7 0-1

[Event "OGOLNOPOLSKA OLIMPIADA MLODZIEZY<br/>MISTRZOSTWA POLSKI JUNIOROW 2016 - C14"]
[Site "Olecko"]
[Date "2016-05-07"]
[Round "6.6"]
[White "Fus, Jakub"]
[Black "Sanz Wawer, Daniel"]
[Result "1-0"]
[WhiteTitle "I+"]
[BlackTitle "k"]
[WhiteElo "1936"]
[BlackElo "1988"]

1. d4 Nf6 2. c4 e6 3. Nf3 d5 4. Nc3 c6 5. Bg5 Be7 6. Qc2 O-O 7. e3 h6 8. Bh4 Nbd7
9. cxd5 cxd5 10. Bd3 b6 11. O-O Bb7 12. Rac1 a6 13. a4 Qb8 14. Qb3 Bd6 15. Bxf6
gxf6 16. g4 Kh8 17. Kh1 Rg8 18. Rg1 h5 19. gxh5 Qf8 20. Rxg8+ Kxg8 21. Rg1+ Kh8
22. Qd1 Qh6 23. Qf1 Rg8 24. Rxg8+ Kxg8 25. Qh3 f5 26. Qh4 f6 27. Qh3 Nf8 28. Be2
a5 29. Nh4 Bc6 30. f4 Be8 31. Qf3 Bf7 32. Nxd5 exd5 33. Nxf5 Qh7 34. Nxd6 Qb1+
35. Kg2 Be6 36. f5 Bd7 37. Qg4+ Kh7 38. h6 Kxh6 39. Qh5+ Kg7 40. Qf7+ Kh6 41.
Qxf6+ Kh7 42. Qf7+ Kh6 43. Qxf8+ Kh7 44. Qe7+ Kg8 45. Qxd7 1-0

[Event "OGOLNOPOLSKA OLIMPIADA MLODZIEZY<br/>MISTRZOSTWA POLSKI JUNIOROW 2016 - C14"]
[Site "Olecko"]
[Date "2016-05-07"]
[Round "6.7"]
[White "Kosakowski, Jakub"]
[Black "Pacan-milej, Kosma"]
[Result "1-0"]
[WhiteTitle "k"]
[BlackTitle "I"]
[WhiteElo "2202"]
[BlackElo "1967"]

1. e4 e6 2. d4 d5 3. Nc3 Bb4 4. e5 c5 5. a3 Bxc3+ 6. bxc3 Ne7 7. Qg4 O-O 8. Bd3
Nbc6 9. Nf3 f5 10. exf6 Rxf6 11. Ne5 cxd4 12. cxd4 Qa5+ 13. Bd2 Qa4 14. Qh3 h6
15. O-O Nxd4 16. Bg5 Ne2+ 17. Kh1 Nf4 18. Qh4 hxg5 19. Qh7+ Kf8 20. Qh8+ Ng8 21.
Bh7 Ke7 22. Qxg8 Nh5 23. Bg6 Qf4 24. Qe8+ Kd6 25. Qd8+ Kxe5 26. Qc7+ 1-0

[Event "OGOLNOPOLSKA OLIMPIADA MLODZIEZY<br/>MISTRZOSTWA POLSKI JUNIOROW 2016 - C14"]
[Site "Olecko"]
[Date "2016-05-07"]
[Round "6.8"]
[White "Mietkiewicz, Jacek"]
[Black "Pniaczek, Marek"]
[Result "0-1"]
[WhiteTitle "I"]
[BlackTitle "I+"]
[WhiteElo "1750"]
[BlackElo "1855"]

1. d4 d5 2. Nf3 Nf6 3. c4 dxc4 4. e3 e6 5. Bxc4 a6 6. O-O c5 7. Qe2 b5 8. Bd3 cxd4
9. Rd1 Nbd7 10. exd4 Bb7 11. Bg5 Be7 12. Nc3 O-O 13. Rac1 h6 14. Bh4 Rc8 15. Bb1
b4 16. Ne4 Rxc1 17. Rxc1 Qa5 18. h3 Rd8 19. Nc5 Nxc5 20. dxc5 Bxc5 21. Bxf6 gxf6
22. Rc4 Bb6 23. Rg4+ Kf8 24. Nh4 Qe5 25. Qc2 Qe1+ 26. Kh2 Bxf2 27. Nf3 Bxf3 28.
gxf3 Bg3+ 29. Rxg3 Rd2+ 30. Rg2 Rxc2 31. Bxc2 Qe5+ 0-1

[Event "OGOLNOPOLSKA OLIMPIADA MLODZIEZY<br/>MISTRZOSTWA POLSKI JUNIOROW 2016 - C14"]
[Site "Olecko"]
[Date "2016-05-07"]
[Round "6.9"]
[White "Poziomkowski, Szymon"]
[Black "Strzelecki, Maciej"]
[Result "0-1"]
[WhiteTitle "I"]
[BlackTitle "I"]
[WhiteElo "1726"]
[BlackElo "1813"]

1. e4 c5 2. c3 Nf6 3. e5 Nd5 4. d4 cxd4 5. cxd4 Nc6 6. Nf3 e6 7. Bd2 d6 8. Nc3
Nxc3 9. Bxc3 Be7 10. Bc4 O-O 11. O-O Qc7 12. Qe2 dxe5 13. dxe5 b6 14. Rad1 Bb7
15. Bd3 Rfd8 16. a3 a5 17. Rfe1 Na7 18. h4 b5 19. Ng5 h6 20. Qh5 Bc5 21. b4 axb4
22. Bxb4 Bxb4 23. axb4 Nc6 24. Nf3 Nxb4 25. Bxb5 Qb6 26. Bf1 Rxd1 27. Rxd1 Nd5
28. Bc4 Ra4 29. Bxd5 Bxd5 30. Rd2 Qb1+ 31. Kh2 Qc1 32. Re2 g6 33. Rc2 Qf4+ 34.
g3 Qxf3 35. Qxf3 Bxf3 36. Rc3 Bd5 37. Rc1 Ra2 38. Kg1 Re2 39. g4 Rxe5 40. Kh2
Re4 41. Kg3 Kg7 42. Rc3 Rb4 43. Rc5 Kf6 44. h5 Rb3+ 45. Kh2 gxh5 46. gxh5 Kg5
47. Rc7 Rf3 48. Kg1 Kxh5 49. Ra7 Kg4 50. Ra4+ Rf4 51. Ra3 h5 52. Rg3+ Kf5 53.
Rh3 Rg4+ 0-1

[Event "OGOLNOPOLSKA OLIMPIADA MLODZIEZY<br/>MISTRZOSTWA POLSKI JUNIOROW 2016 - C14"]
[Site "Olecko"]
[Date "2016-05-07"]
[Round "6.10"]
[White "Musial, Tomasz"]
[Black "Szczurek, Krzysztof"]
[Result "1-0"]
[WhiteTitle "II+"]
[BlackTitle "I"]
[WhiteElo "1799"]
[BlackElo "1991"]

1. e4 c5 2. c3 d5 3. exd5 Qxd5 4. d4 Nc6 5. Nf3 Bg4 6. Be2 e6 7. O-O Nf6 8. h3
Bh5 9. Be3 cxd4 10. cxd4 Bd6 11. Nc3 Qa5 12. Qd2 O-O 13. Rac1 Qd8 14. Rfd1 Nd5
15. Nxd5 exd5 16. a3 a5 17. Re1 a4 18. Bf4 Na5 19. Bxd6 Qxd6 20. Qg5 Bg6 21. Rc5
Rfd8 22. Bb5 Nb3 23. Rc3 Qb6 24. Bxa4 Nxd4 25. Nxd4 Qxd4 26. Bb3 h6 27. Qe7 Qb6
28. Rf3 Qb5 29. Qh4 Rac8 30. Qd4 Qc5 31. Qf4 Re8 32. Rd1 Rcd8 33. Rc3 Qa5 34.
Qc7 b6 35. Rc6 Qa6 36. Bxd5 Rxd5 37. Rxd5 Re1+ 38. Kh2 Kh7 39. Qc8 Qa4 40. Rc4
Qb3 41. Rd8 Bh5 42. Rh8+ Kg6 43. Rc6+ f6 44. Rc3 Qd1 45. Rg3+ Kf7 46. Qg8+ Ke7
47. Rxg7+ Kd6 48. Qd8+ Kc5 49. Rc7+ Kb5 50. Qxd1 1-0

[Event "OGOLNOPOLSKA OLIMPIADA MLODZIEZY<br/>MISTRZOSTWA POLSKI JUNIOROW 2016 - C14"]
[Site "Olecko"]
[Date "2016-05-07"]
[Round "6.11"]
[White "Majocha, Piotr"]
[Black "Golenia, Jan"]
[Result "1-0"]
[WhiteTitle "I"]
[BlackTitle "I"]
[WhiteElo "1703"]
[BlackElo "1973"]

1. c4 e5 2. g3 Nf6 3. Bg2 Nc6 4. Nf3 Bc5 5. e3 O-O 6. O-O d6 7. a3 Bg4 8. h3 Bf5
9. d4 exd4 10. exd4 Bb6 11. Nc3 h6 12. b4 a6 13. c5 Ba7 14. Nh4 Bh7 15. Bxc6 bxc6
16. Be3 Nd5 17. Qd2 Qf6 18. Ne2 Rfe8 19. Ng2 Rad8 20. Qe1 Be4 21. Kh2 Bxg2 22.
Kxg2 Rxe3 23. fxe3 Nxe3+ 24. Kh2 Nxf1+ 25. Qxf1 Qxf1 26. Rxf1 Re8 27. Ng1 Kf8
28. Kg2 Re6 29. Kf2 Ke7 30. Re1 Kf6 31. Rxe6+ fxe6 32. Ke3 a5 33. Nf3 axb4 34.
axb4 Kf5 35. Nd2 e5 36. Nb3 exd4+ 37. Nxd4+ Kg5 38. Nxc6 dxc5 39. Nxa7 cxb4 40.
Nc6 b3 41. Kd3 h5 42. Nd4 Kf6 43. Nxb3 h4 44. g4 Ke5 45. Ke3 Kd5 46. Nd4 c5 47.
Nf5 g5 48. Ne7+ Ke5 49. Nc6+ Kd5 50. Na5 c4 51. Nxc4 Kxc4 52. Ke4 Kd5+ 1-0

[Event "OGOLNOPOLSKA OLIMPIADA MLODZIEZY<br/>MISTRZOSTWA POLSKI JUNIOROW 2016 - C14"]
[Site "Olecko"]
[Date "2016-05-07"]
[Round "6.12"]
[White "Radecki, Adam"]
[Black "Godzwon, Iwo"]
[Result "0-1"]
[WhiteTitle "I"]
[BlackTitle "I"]
[WhiteElo "1667"]
[BlackElo "1836"]

1. d4 Nf6 2. c4 g6 3. f3 d5 4. cxd5 Nxd5 5. e4 Nb6 6. Nc3 Bg7 7. Be3 e5 8. Nge2
c6 9. d5 cxd5 10. Bxb6 axb6 11. Nxd5 Be6 12. Nec3 O-O 13. Bc4 Nc6 14. O-O Nd4
15. Ne2 Nc6 16. Nec3 Rc8 17. a3 Kh8 18. Ba2 Nd4 19. Qd2 Qd6 20. Kh1 h5 21. Rfd1
Rfd8 22. Qf2 Rd7 23. Rd3 f5 24. Rad1 Bxd5 25. Bxd5 Qf6 26. h3 f4 27. R3d2 Bf8
28. Qf1 Bxa3 29. Bxb7 Rxb7 30. Nd5 Qf8 31. bxa3 Qxa3 32. Nxf4 Kh7 33. Nd3 Nb3
34. Re2 Rd7 35. Kh2 Rcd8 36. Re3 Qf8 37. Kg1 Nc5 38. Nf2 Rxd1 39. Nxd1 Qd6 40.
Nf2 Qd4 41. Re1 Qc3 42. Rc1 Qe3 43. Re1 Qg5 44. Rb1 Rd6 45. Qe2 Rd2 46. Qf1 Qe3
47. Re1 Qd4 48. Re2 Qb2 49. Rxd2 Qxd2 50. Qd1 Qe3 51. Qd6 Qe1+ 52. Kh2 Qxf2 53.
Qe7+ Kh6 54. h4 Qa2 55. Qg5+ Kh7 56. Qe7+ Kg8 57. Qe8+ Kg7 58. Qxe5+ Kf8 59. Qb8+
Ke7 60. Qxb6 Ne6 61. Qb7+ Kf6 62. Qb8 Qa5 63. Qh8+ Kf7 64. Qb8 Qc7+ 65. Qxc7+
Nxc7 66. Kg3 Kf6 67. Kf2 Ne6 68. Ke3 Ke5 69. g3 Nf8 70. f4+ Ke6 71. Kf3 Nh7 72.
g4 Nf6 73. f5+ Ke5 74. fxg6 hxg4+ 75. Kg3 Kxe4 76. h5 Kf5 77. g7 Ng8 78. Kg2 Kf4
79. Kf2 g3+ 80. Kg2 Kg4 81. h6 Nxh6 82. Kg1 Kf3 83. Kf1 g2+ 84. Kg1 Ng8 0-1

[Event "OGOLNOPOLSKA OLIMPIADA MLODZIEZY<br/>MISTRZOSTWA POLSKI JUNIOROW 2016 - C14"]
[Site "Olecko"]
[Date "2016-05-07"]
[Round "6.13"]
[White "Namyslak, Piotr"]
[Black "Golecki, Jan"]
[Result "1/2-1/2"]
[WhiteTitle "I"]
[BlackTitle "I+"]
[WhiteElo "1775"]
[BlackElo "1880"]

1. c4 e6 2. Nc3 d5 3. cxd5 exd5 4. d4 Bf5 5. e3 c6 6. Bd3 Bxd3 7. Qxd3 Nf6 8. f4
Bb4 9. Nf3 Ne4 10. O-O Bxc3 11. bxc3 O-O 12. Nd2 Re8 13. Nxe4 Rxe4 14. c4 f5 15.
Rb1 b6 16. cxd5 Qxd5 17. Qb3 Qxb3 18. Rxb3 Nd7 19. Ba3 Re6 20. h3 g6 21. g4 Nf6
22. g5 Nd5 23. Bc1 a5 24. a4 Kf7 25. Kf2 b5 26. axb5 a4 27. Rb2 a3 28. Rb3 a2
29. Bb2 cxb5 30. Rxb5 Nxe3 31. Re1 Nd5 32. Rxd5 Rxe1 33. Kxe1 Rb8 34. Bc3 Rb3
35. Ra5 Rxc3 36. Rxa2 Rxh3 37. Re2 Rd3 38. Rd2 Re3+ 39. Re2 Re4 40. Rxe4 fxe4
41. Ke2 Ke6 42. Kd2 Kd6 43. Ke2 1/2-1/2

[Event "OGOLNOPOLSKA OLIMPIADA MLODZIEZY<br/>MISTRZOSTWA POLSKI JUNIOROW 2016 - C14"]
[Site "Olecko"]
[Date "2016-05-07"]
[Round "6.14"]
[White "Psyk, Radoslaw"]
[Black "Kukorowski, Jan"]
[Result "0-1"]
[WhiteTitle "k"]
[BlackTitle "I"]
[WhiteElo "2219"]
[BlackElo "1706"]

1. e4 e6 2. d4 d5 3. Nd2 c5 4. exd5 Qxd5 5. Ngf3 cxd4 6. Bc4 Qd6 7. O-O Nf6 8.
Nb3 Nc6 9. Nbxd4 Nxd4 10. Nxd4 Be7 11. c3 O-O 12. Re1 Bd7 13. Bg5 Qc5 14. Bxf6
Bxf6 15. Nb3 Qc7 16. Be2 Rad8 17. Qc2 Bc6 18. Rad1 Rxd1 19. Rxd1 Rd8 20. Rxd8+
Qxd8 21. Bd3 g6 22. c4 Bxb2 23. f3 Bg7 24. Be4 Qb6+ 25. c5 Qb4 26. Kf2 Bd4+ 27.
Ke2 Bxe4 28. fxe4 Bf6 29. Kd3 a5 30. Qc4 Qe1 31. Qa4 Qf1+ 32. Ke3 Qxg2 33. Qxa5
Qh3+ 34. Kd2 Qxh2+ 35. Kd3 Qh3+ 36. Kc4 Qf1+ 37. Kb4 Qe1+ 38. Kb5 Qe2+ 39. Ka4
Qxa2+ 40. Kb4 Qxa5+ 41. Nxa5 h5 42. Nxb7 h4 43. c6 Be5 44. Kc5 Bc7 45. Nd6 h3
46. Ne8 Bd8 47. Nf6+ Kf8 48. Ng4 f5 49. exf5 exf5 50. Nf2 h2 51. Kd6 g5 52. Ke5
g4 53. Nh1 Bc7+ 54. Ke6 g3 55. Kd7 g2 56. Kxc7 gxh1=Q 57. Kd7 Qxc6+ 0-1

[Event "OGOLNOPOLSKA OLIMPIADA MLODZIEZY<br/>MISTRZOSTWA POLSKI JUNIOROW 2016 - C14"]
[Site "Olecko"]
[Date "2016-05-07"]
[Round "6.15"]
[White "Wierzbicki, Michal"]
[Black "Kopaczewski, Adam"]
[Result "1-0"]
[WhiteTitle "I"]
[BlackTitle "I"]
[WhiteElo "1708"]
[BlackElo "1854"]

1. d4 Nf6 2. Nf3 d5 3. c4 e6 4. cxd5 exd5 5. Bg5 Be7 6. Nc3 O-O 7. e3 c6 8. Qc2
Be6 9. Bd3 h6 10. Bh4 Nbd7 11. O-O Rc8 12. h3 Nh5 13. Bxe7 Qxe7 14. Qe2 Nhf6 15.
Nd2 Ne8 16. Rab1 f5 17. f4 Nd6 18. b4 Ne4 19. Bxe4 dxe4 20. Rfc1 b5 21. d5 Bxd5
22. Nxd5 cxd5 23. Qxb5 Qd6 24. a3 a6 25. Qb7 Nb6 26. Rxc8 Rxc8 27. Nb3 Rc3 28.
Nd4 Qf6 29. Rb3 Rxe3 30. Rxe3 Qxd4 31. Kf2 Qd2+ 32. Re2 Qxf4+ 33. Kg1 Qd6 34.
Rc2 Nd7 35. Rc6 Qe7 36. Rc7 Qg5 37. Qxd5+ Kh7 38. Qxd7 Qe3+ 39. Kh1 Qg5 40. Rc5
Kg6 41. Qe6+ 1-0

[Event "OGOLNOPOLSKA OLIMPIADA MLODZIEZY<br/>MISTRZOSTWA POLSKI JUNIOROW 2016 - C14"]
[Site "Olecko"]
[Date "2016-05-07"]
[Round "6.16"]
[White "Ossolinski, Ziemowit"]
[Black "Dixa, Oskar"]
[Result "1-0"]
[WhiteTitle "I"]
[BlackTitle "I"]
[WhiteElo "1849"]
[BlackElo "1630"]

1. e4 c5 2. c3 d5 3. exd5 Qxd5 4. d4 Nf6 5. Nf3 Bg4 6. Nbd2 e6 7. Qa4+ Nbd7 8.
Bc4 Qc6 9. Bb5 Qc8 10. Ne5 Bf5 11. Ndc4 cxd4 12. Nxd7 Nxd7 13. Ne5 Ke7 14. Nxd7
f6 15. O-O Kf7 16. Nxf8 Rxf8 17. Qxd4 Rd8 18. Qc4 Qxc4 19. Bxc4 Rac8 20. Bb3 Bd3
21. Re1 Bc4 22. Bxc4 Rxc4 23. Be3 b6 24. Rad1 Rcc8 25. f3 e5 26. Kf2 Ke6 27. Bc1
h6 28. g4 g5 29. Ke2 Rxd1 30. Rxd1 h5 31. h3 hxg4 32. hxg4 Rh8 33. Be3 Ke7 34.
a4 Rh2+ 35. Bf2 Rh8 36. Rd5 Ke6 37. Rb5 Kd6 38. a5 Kc6 39. c4 bxa5 40. Rxa5 Rb8
41. Ra6+ Kc7 42. Rxa7+ Kd8 43. Ra2 Ke8 1-0

[Event "OGOLNOPOLSKA OLIMPIADA MLODZIEZY<br/>MISTRZOSTWA POLSKI JUNIOROW 2016 - C14"]
[Site "Olecko"]
[Date "2016-05-07"]
[Round "6.17"]
[White "Polczyk, Mikolaj"]
[Black "Maciak, Jakub"]
[Result "1/2-1/2"]
[WhiteTitle "I"]
[BlackTitle "II"]
[WhiteElo "1831"]
[BlackElo "1465"]

1. e4 c5 2. Nf3 e6 3. d4 cxd4 4. Nxd4 Nc6 5. Nc3 Qc7 6. Be2 a6 7. O-O Nf6 8. Be3
Bb4 9. Nxc6 dxc6 10. Na4 b5 11. Nb6 Rb8 12. Nxc8 Rxc8 13. c4 O-O 14. Qc2 Qe5 15.
Bf3 Bc5 16. Rfe1 Bxe3 17. Rxe3 h5 18. Rc1 Ng4 19. Bxg4 hxg4 20. cxb5 cxb5 21.
Qxc8 Rxc8 22. Rxc8+ Kh7 23. Rc2 Qd4 24. Rce2 e5 25. h3 gxh3 26. Rxh3+ Kg8 27.
Kh2 g6 28. Ra3 Qc4 29. Ree3 b4 30. Ra5 Qf1 31. Kg3 Qc1 32. b3 Qc6 33. Rd5 Qf6
34. f3 Qg5+ 35. Kf2 Qh4+ 36. Kg1 Qg5 37. Re2 Qc1+ 38. Kf2 Qc7 39. Kg3 Kf8 40.
Red2 a5 41. Rb5 Qc3 42. Rdd5 Qe1+ 43. Kg4 Qh1 44. Rxe5 Qxg2+ 45. Kf4 Qd2+ 46.
Kg3 Qe1+ 47. Kg4 Qg1+ 48. Kf4 Qh2+ 49. Ke3 Qxa2 50. Rxa5 Qxb3+ 51. Kf4 Qc3 52.
Reb5 b3 53. Ra8+ Kg7 54. Rab8 Qd2+ 55. Kg3 Qe1+ 56. Kg2 Qe2+ 57. Kg3 Qf1 58. Rxb3
Qg1+ 59. Kh3 Qh1+ 60. Kg3 1/2-1/2

[Event "OGOLNOPOLSKA OLIMPIADA MLODZIEZY<br/>MISTRZOSTWA POLSKI JUNIOROW 2016 - C14"]
[Site "Olecko"]
[Date "2016-05-07"]
[Round "6.18"]
[White "Kopec, Norbert"]
[Black "Kucharski, Bartlomiej"]
[Result "1-0"]
[WhiteTitle "II"]
[BlackTitle "II"]
[WhiteElo "1558"]
[BlackElo "1667"]

1. e4 d5 2. exd5 Qxd5 3. Nc3 Qa5 4. d4 Nf6 5. Nf3 Bf5 6. Bd2 c6 7. Bc4 e6 8. Ne5
Nbd7 9. Nxd7 Nxd7 10. Bb3 Qc7 11. Qe2 O-O-O 12. Qf3 Nf6 13. Be3 Bb4 14. O-O Bd6
15. h3 h6 16. Rac1 Rdg8 17. d5 cxd5 18. Nb5 Qd7 19. Ba4 Kd8 20. Bxa7 Ke7 21. Qe3
Rc8 22. b3 Be4 23. Bb6 Kf8 24. Na7 Rc6 25. Nxc6 bxc6 26. f3 Bg6 27. Qc3 Bf4 28.
Qb4+ Bd6 29. Bc5 Qa7 30. Bxa7 Bxb4 31. c4 dxc4 32. Rxc4 Bd6 33. Rxc6 Ke7 34. Bc5
Bxc5+ 35. Rxc5 Nd5 36. Re1 Kd6 37. Rc6+ Ke7 38. a3 Ra8 39. Kf2 Bd3 40. Rd1 Bf5
41. Ra1 Bd3 42. Rd1 Bf5 43. Rdc1 Ra7 44. Ra1 Bd3 45. Rd1 Bf5 46. Rd4 Ra8 47. g3
g5 48. g4 Bg6 49. Kg3 Ra7 50. Kg2 Nf4+ 51. Kh2 Nd5 52. Kg3 Nf4 53. Kh2 Nd5 54.
Kg3 Nf4 55. Rxf4 gxf4+ 56. Kxf4 Ra5 57. Rc7+ Kf6 58. Rc1 h5 59. g5+ Rxg5 60. b4
h4 61. b5 Bd3 62. b6 Ba6 63. Bc6 Ra5 64. Rc3 e5+ 65. Ke3 Kg5 66. b7 Bxb7 67. Bxb7
f5 68. Bc6 Kf6 69. a4 Ke6 70. Rc4 f4+ 71. Ke4 Kd6 72. Bb5 1-0

[Event "OGOLNOPOLSKA OLIMPIADA MLODZIEZY<br/>MISTRZOSTWA POLSKI JUNIOROW 2016 - C14"]
[Site "Olecko"]
[Date "2016-05-07"]
[Round "6.19"]
[White "Mike, Patryk"]
[Black "Galuszka, Tomasz"]
[Result "1/2-1/2"]
[WhiteTitle "I"]
[BlackTitle "II+"]
[WhiteElo "1804"]
[BlackElo "1586"]

1. e4 c6 2. d4 d5 3. e5 Bf5 4. Nd2 e6 5. Nb3 Nd7 6. Nf3 Bg6 7. Be2 Ne7 8. O-O Nf5
9. Bd2 h5 10. h3 Be7 11. Rc1 h4 12. c4 dxc4 13. Bxc4 Nb6 14. Ba5 Bh5 15. Qd3 Bxf3
16. gxf3 Qd7 17. Qe4 Nxc4 18. Rxc4 Qd5 19. Rc2 O-O 20. Qxd5 exd5 21. Bd2 a5 22.
Be3 a4 23. Nc1 Bd8 24. Kg2 Bb6 25. Ne2 g6 26. f4 Kg7 27. Kf3 Bd8 28. Rb1 Be7 29.
Nc1 Rfd8 30. Nd3 Ra7 31. Rg1 Re8 32. Rb1 Rd8 33. b4 axb3 34. axb3 Ra3 35. Nc5
Bxc5 36. Rxc5 Rda8 37. Ke2 Ra2+ 38. Kd3 R8a3 39. Bc1 Ra7 40. Bb2 Ne7 41. Rcc1
R7a6 42. Kc3 Kf8 43. Rg1 Nf5 44. e6 Ra8 45. exf7 Kxf7 46. Ra1 1/2-1/2

[Event "OGOLNOPOLSKA OLIMPIADA MLODZIEZY<br/>MISTRZOSTWA POLSKI JUNIOROW 2016 - C14"]
[Site "Olecko"]
[Date "2016-05-07"]
[Round "6.20"]
[White "Maciejewski, Kamil"]
[Black "Kawaler, Adam"]
[Result "0-1"]
[WhiteTitle "I"]
[BlackTitle "I"]
[WhiteElo "1656"]
[BlackElo "1764"]

1. e4 e6 2. d4 d5 3. Nc3 dxe4 4. Nxe4 Nd7 5. Nf3 Ngf6 6. Nxf6+ Nxf6 7. Bd3 c5 8.
O-O cxd4 9. Nxd4 Bc5 10. Nb3 Bd6 11. Qe2 Qc7 12. h3 O-O 13. Bg5 Nd5 14. Qe4 f5
15. Qc4 Bd7 16. Qxc7 Nxc7 17. Rad1 Bc6 18. Na5 h6 19. Be3 Be7 20. Nxc6 bxc6 21.
Bc4 Nd5 22. Rfe1 Bf6 23. Bd4 Bxd4 24. Rxd4 Rfe8 25. Bb3 Kf7 26. c4 c5 27. Rd2
Nb6 28. a4 Rad8 29. Red1 Rxd2 30. Rxd2 Ke7 31. Kf1 a5 32. Ke2 Rd8 33. Rxd8 Kxd8
34. Kd3 Ke7 35. Bd1 e5 36. b3 Kf6 37. Ke3 Nc8 38. g3 e4 39. f3 exf3 40. Bxf3 Ke5
41. Bd5 Ne7 42. Bg2 g5 43. Bf3 Ng6 44. Bh5 Nf8 45. Bf7 Ne6 46. Bh5 f4+ 47. gxf4+
gxf4+ 48. Kd3 Nd4 49. Bd1 Kf5 50. h4 Ke5 51. Bg4 Nxb3 52. Bd1 Nd4 53. Bg4 Nf5
54. h5 Ng3 55. Bf3 Kf5 56. Bd1 Kg5 57. Bf3 Nxh5 58. Ke4 Nf6+ 59. Ke5 Ng4+ 60.
Kd6 Nh2 61. Be4 f3 62. Kxc5 f2 63. Bd3 f1=Q 64. Bxf1 Nxf1 65. Kb6 Ne3 66. c5 h5
67. c6 Nd5+ 68. Kb7 h4 69. c7 Nxc7 70. Kxc7 h3 71. Kb6 h2 72. Kxa5 h1=Q 73. Kb6
Qa8 74. a5 Kf5 75. a6 Ke5 76. a7 Kd6 77. Ka6 Kc5 78. Ka5 Qxa7# 0-1

[Event "OGOLNOPOLSKA OLIMPIADA MLODZIEZY<br/>MISTRZOSTWA POLSKI JUNIOROW 2016 - C14"]
[Site "Olecko"]
[Date "2016-05-07"]
[Round "6.21"]
[White "Musiala, Jakub"]
[Black "Paliwoda, Borys"]
[Result "0-1"]
[WhiteTitle "II+"]
[BlackTitle "II"]
[WhiteElo "1629"]
[BlackElo "1694"]

1. e4 e5 2. Nf3 Nc6 3. d4 exd4 4. Bc4 Nf6 5. e5 Ne4 6. Bd5 Nc5 7. O-O Ne6 8. Nbd2
Bc5 9. Ne4 Bb6 10. Bg5 Ne7 11. Bxe6 dxe6 12. c3 Qd5 13. Re1 Nc6 14. cxd4 Nxd4
15. Nxd4 Bxd4 16. Qa4+ Bd7 17. Qa3 c5 18. Rad1 b6 19. Qf3 O-O 20. Be7 f5 21. exf6
Rf7 22. Nd6 Qxf3 23. gxf3 gxf6 24. Nxf7 Kxf7 25. Bd6 e5 26. f4 Rg8+ 27. Kf1 Bb5+
28. Re2 Bxe2+ 29. Kxe2 Ke6 30. fxe5 fxe5 31. Rxd4 cxd4 32. Bb4 Kd5 33. b3 e4 34.
Be7 Rg2 35. h3 Rh2 36. h4 e3 37. Bg5 Rxf2+ 0-1

[Event "OGOLNOPOLSKA OLIMPIADA MLODZIEZY<br/>MISTRZOSTWA POLSKI JUNIOROW 2016 - C14"]
[Site "Olecko"]
[Date "2016-05-07"]
[Round "6.22"]
[White "Brzozowski, Pawel"]
[Black "Skowron, Mateusz"]
[Result "0-1"]
[WhiteTitle "II"]
[BlackTitle "I"]
[WhiteElo "1567"]
[BlackElo "1508"]

1. e4 c6 2. d4 d5 3. exd5 cxd5 4. Bd3 Nc6 5. c3 Qc7 6. Ne2 Bg4 7. f3 Bd7 8. Bf4
e5 9. dxe5 Nxe5 10. Bc2 Nf6 11. Qd4 Bd6 12. Na3 h6 13. O-O-O O-O 14. c4 Rfe8 15.
cxd5 Rac8 16. Rd2 Bxa3 17. bxa3 Bf5 18. Bxe5 Rxe5 19. d6 Qa5 20. Nf4 Qxa3+ 21.
Qb2 Qe3 22. Kb1 Qxd2 23. Qxe5 Bxc2+ 24. Ka1 Bd1 0-1

[Event "OGOLNOPOLSKA OLIMPIADA MLODZIEZY<br/>MISTRZOSTWA POLSKI JUNIOROW 2016 - C14"]
[Site "Olecko"]
[Date "2016-05-07"]
[Round "6.23"]
[White "Bojczewski, Mateusz"]
[Black "Rogala, Milosz"]
[Result "0-1"]
[WhiteTitle "II"]
[BlackTitle "II"]
[WhiteElo "1319"]
[BlackElo "1561"]

1. e4 c6 2. d4 d5 3. exd5 cxd5 4. Nc3 g6 5. Nf3 Bg7 6. Bf4 a6 7. Be2 Nc6 8. O-O
Nf6 9. Re1 O-O 10. Bf1 Bf5 11. Qd2 Ne4 12. Qe3 Nb4 13. Bd3 Rc8 14. Nh4 e5 15.
Bxe5 Qxh4 16. Bxg7 Kxg7 17. g3 Qf6 18. Nxe4 dxe4 19. Bxe4 Bxe4 0-1